000 00635nam a2200241Ia 4500
003 OSt
005 20220924132016.0
006 a|||||r|||| 00| 0
007 ta
008 220923b |||||||| |||| 00| 0 tel d
020 _c75.00
024 _a334731
037 _cTextual
040 _aARTS
_cARTS
_btel
041 _2tel
_atel
082 _a035,3x, N2
100 _aRaju V.Basava Au.
_9203521
245 0 _aJyeshtha kathalu
260 _aVisakhapatnam
_bJyeshtha literary trust
_c1992
650 _aTELUGU FICTION
942 _h035,3x, N2
_cTEXL
_2CC
999 _c428979
_d428979